| 000 | 00447nam a2200157Ia 4500 | ||
|---|---|---|---|
| 008 | 210716s2008 xx 000 0 und d | ||
| 020 | _a8177584839 | ||
| 041 | _aeng | ||
| 082 | _a004.22 HEUV | ||
| 100 | _aHeruring, Vincent P;Jordan, Harry F;Venkatesh T G. | ||
| 245 | _aComputer systems design and architecture. | ||
| 250 | _a2 | ||
| 260 |
_aNew delhi _bPearson Education _c2008 |
||
| 300 | _axv,726 | ||
| 650 | _aComputer Arch., Org.(004.22) | ||
| 999 |
_c188518 _d188518 |
||